20 Biggest Cities In Russia - Statistics

General Stats
  • This quiz has been taken 120 times
  • The average score is 11 of 20
Answer Stats
Hint Answer % Correct
1 Moscow
100%
2 St Petersburg
98%
15 Novosibirsk
88%
17 Nizhny Novgorod
83%
16 Yekaterinburg
83%
14 Kazan
82%
11 Samara
75%
10 Omsk
73%
3 Volgograd
73%
4 Perm
72%
5 Ufa
71%
13 Chelyabinsk
60%
9 Voronezh
50%
19 Saratov
38%
6 Tyumen
24%
8 Ulyanovsk
14%
18 Makhachkala
9%
12 Chita
3%
7 Orsk
2%
20 Dzershinsk
0%
No matching quizzes found
Score Distribution
Percent of People with Each Score
Percentile by Number Answered
Your Score History
You have not taken this quiz